Harry Potter Sevens Quiz Stats

 Plays Quiz Updated Oct 14, 2018

Score 0/49 Timer 07:00
3 Plays Today
Categories % Correct
Weasley ChildrenRon
98.2%
Characters That Take on Harry's Appearance in Book 7Ron Weasley
98.2%
Weasley ChildrenGinny
97.1%
Weasley ChildrenGeorge
96.9%
Characters That Take on Harry's Appearance in Book 7George Weasley
96.9%
Weasley ChildrenFred
96.8%
Characters That Take on Harry's Appearance in Book 7Fred Weasley
96.8%
Book TitlesHarry Potter and the Chamber of Secrets
96.3%
Book TitlesHarry Potter and the Sorcerer's Stone
95.4%
Book TitlesHarry Potter and the Goblet of Fire
95.3%
Book TitlesHarry Potter and the Deathly Hallows
95%
HorcruxesHarry Potter
95%
Characters That Take on Harry's Appearance in Book 7Harry Potter
95%
Book TitlesHarry Potter and the Half-Blood Prince
94.9%
Weasley ChildrenPercy
94.9%
Book TitlesHarry Potter and the Prisoner of Azkaban
94.7%
Defense Against the Dark Arts ProfessorsSeverus Snape
94.5%
Weasley ChildrenBill
93.4%
Book TitlesHarry Potter and the Order of the Phoenix
93.4%
HorcruxesNagini
92.8%
Players on a Quidditch TeamSeeker
92.6%
HorcruxesTom Riddle's diary
91.5%
Weasley ChildrenCharlie
91.4%
Defense Against the Dark Arts ProfessorsRemus Lupin
90.9%
Things Guarding the Sorcerer's StoneFluffy
90%
Categories % Correct
Defense Against the Dark Arts ProfessorsAlastor 'Mad-Eye' Moody (impostor)
89.6%
Players on a Quidditch TeamKeeper
89.2%
Things Guarding the Sorcerer's StoneChess game
88.6%
Defense Against the Dark Arts ProfessorsGilderoy Lockhart
88.1%
Players on a Quidditch TeamBeater
88.1%
Players on a Quidditch TeamBeater
88.1%
Defense Against the Dark Arts ProfessorsQuirinius Quirrell
87.5%
Defense Against the Dark Arts ProfessorsDolores Umbridge
87.1%
HorcruxesGaunt ring
86.4%
HorcruxesRavenclaw diadem
86.1%
HorcruxesSlytherin locket
85.3%
Characters That Take on Harry's Appearance in Book 7Hermione Granger
84.8%
HorcruxesHelga Hufflepuff's cup
82.9%
Players on a Quidditch TeamChaser
81.2%
Players on a Quidditch TeamChaser
81.2%
Players on a Quidditch TeamChaser
81.2%
Things Guarding the Sorcerer's StoneWinged keys
81%
Characters That Take on Harry's Appearance in Book 7Fleur Delacour
74.1%
Things Guarding the Sorcerer's StoneMirror of Erised
73.6%
Characters That Take on Harry's Appearance in Book 7Mundungus Fletcher
71.6%
Defense Against the Dark Arts ProfessorsAmycus Carrow
70.1%
Things Guarding the Sorcerer's StonePotions riddle
70%
Things Guarding the Sorcerer's StoneDevil's Snare
67.5%
Things Guarding the Sorcerer's StoneTroll
46.1%

You're not logged in!

Compare scores with friends on all Sporcle quizzes.
OR
Log In

Sporcle TV

Today on Sporcle TV


Watch our educational content, quiz creation guides, and fun videos on Sporcle TV.

Show Comments

Extras

Top Quizzes Today


Score Distribution

Your Account Isn't Verified!

In order to create a playlist on Sporcle, you need to verify the email address you used during registration. Go to your Sporcle Settings to finish the process.

Report this User

Report this user for behavior that violates our Community Guidelines.

Details: